La economía urbana
Guardat en:
| Autor principal: | |
|---|---|
| Format: | Llibre |
| Idioma: | espanyol |
| Publicat: |
Madrid
Instituto de Estudios de Administración Local
1971
|
| Col·lecció: | Nuevo Urbanismo, 3
|
| Matèries: | |
| Etiquetes: |
Afegir etiqueta
Sense etiquetes, Sigues el primer a etiquetar aquest registre!
|
MARC
| LEADER | 00000nam a2200000 a 4500 | ||
|---|---|---|---|
| 001 | UCU2699 | ||
| 003 | CL-VaPUC | ||
| 008 | 960426e19710000SP |||||||||||||||||spa|d | ||
| 082 | 0 | 4 | |a 333.337 |b DER |2 21 |
| 100 | 0 | |a Derycke, Pierre-Henry |e author |9 359092 | |
| 245 | 1 | 3 | |a La economía urbana |
| 300 | |a 271 p | ||
| 942 | |c BK | ||
| 945 | |d 19960426 00:00:00 |a paguirre | ||
| 260 | |a Madrid |b Instituto de Estudios de Administración Local |c 1971 | ||
| 650 | 0 | |a Economía |9 255568 | |
| 650 | 0 | |a Ciudades |9 265474 | |
| 650 | 0 | |a Zonas urbanas |9 337776 | |
| 650 | 7 | |a DESARROLLO URBANO |2 CL-VaPUC |9 359093 | |
| 650 | 0 | |a Demografía |9 260008 | |
| 650 | 7 | |a EXPANSION URBANA |2 CL-VaPUC |9 359094 | |
| 583 | |a last modification |c 19960426 00:00:00 |k Rodrigo Vera | ||
| 490 | 0 | |a Nuevo Urbanismo, 3 | |
| 999 | |c 246932 |d 246930 | ||
| 952 | |0 0 |1 0 |4 0 |6 333_337000000000000_DER_1971 |7 0 |8 A |9 262308 |a BIBING |b BIBING |d 2019-11-19 |i 164260K |o 333.337 DER 1971 |p 164260K |r 2025-01-20 |w 2019-11-19 |y BK |k GEO | ||